El Mensaje político y la imagen televisiva. Elementos para el análisis /
Se realiza un análisis de la relación entre las imágenes telesivas y la discusión política por medio de la televisión, efectuandose los d(ias 4 y 27 de mayo de 199 en Colombia
Furkejuvvon:
| Váldodahkki: | |
|---|---|
| Materiálatiipa: | Texto |
| Fáttát: | |
| Fáddágilkorat: |
Lasit fáddágilkoriid
Eai fáddágilkorat, Lasit vuosttaš fáddágilkora!
|
MARC
| LEADER | 00000 a a2200000 04500 | ||
|---|---|---|---|
| 001 | 14365 | ||
| 003 | |||
| 040 | |||
| 100 | |a Santibáñez Y, Cristián | ||
| 245 | |a El Mensaje político y la imagen televisiva. Elementos para el análisis / |c Cristián Santibáñez Y | ||
| 520 | |a Se realiza un análisis de la relación entre las imágenes telesivas y la discusión política por medio de la televisión, efectuandose los d(ias 4 y 27 de mayo de 199 en Colombia | ||
| 650 | |a COMUNICACION | ||
| 650 | |a COMUNICACION DE MASAS | ||
| 650 | |a MEDIOS DE COMUNICACION | ||
| 650 | |a INFORMACION | ||
| 650 | |a POLITICA | ||
| 650 | |a DISCURSO POLITICO | ||
| 773 | |g volumen 4, número 6 -7; páginas 233-251 | ||
| 999 | |c 25912 |d 25912 | ||
